Η σιδηρά κυρία : η ιστορία της Βαρόνης Μπούντμπεργκ

Αποθηκεύτηκε σε:
Λεπτομέρειες βιβλιογραφικής εγγραφής
Κύριος συγγραφέας: Berberova, N. (Nina) (Συγγραφέας)
Άλλοι συγγραφείς: Γκανά, Μυρσίνη (trlf)
Μορφή: Βιβλίο
Γλώσσα:Greek
Russian
Δημοσίευση: [Αθήνα] : Μελάνι, c2006.
Έκδοση:1η έκδ.
Θέματα:
Ετικέτες: Προσθήκη ετικέτας
Δεν υπάρχουν, Καταχωρήστε ετικέτα πρώτοι!

MARC

LEADER 00000cam a2200000 a 4500
001 1/119422
008 190702s2006####gr | ||| |||| ||gre||
020 |a 9608309611  |q (χαρτόδετο) 
040 |a GR-MyUa  |b gre  |c GR-MyUa  |e AACR2 
041 1 |a gre  |h rus 
082 7 |a 891.73  |2 (23) 
100 1 |a Berberova, N.   |q (Nina)  |e aut 
245 1 2 |a Η σιδηρά κυρία :   |b η ιστορία της Βαρόνης Μπούντμπεργκ /   |c Νίνα Μπερμπέροβα ; μετάφραση : Μυρσίνη Γκανά.  
250 |a 1η έκδ.  
260 |a [Αθήνα] :   |b Μελάνι,   |c c2006.  
300 |a 466 σ. ;   |c 21 εκ.  
500 |3 Μετάφραση του : Zheleznaia Zhenshchina / Nina Berberova.  
650 0 |a Russian fiction  |x Translations into Greek. 
650 0 |a Russian fiction  |y 20th century. 
700 1 |a Γκανά, Μυρσίνη,  |e trlf 
852 |a INST  |b LEMNOS  |e 20190702  |h 891.73 BER  |p 005600002112  |q 005600002112  |t BK  |y 0 
970 |a Πανταζή  |b Αντωνία  |z 02/07/2019